000 00440nam a2200169Ia 4500
008 230718s9999 xx 000 0 und d
041 _aeng
082 _a621.388
_bDHA
100 _aDhake A.M.
245 _aTelevision And Video Engineering
250 _a2nd ed.
260 _c2011
_bTata McGraw Hill
300 _a646
365 _cRs.
_b500.00
700 _aDhake A.M.
906 _dO:0361103-Jan-2014B:IN 230130-Dec-2013
_cETC
_b1725
999 _c334531
_d334531